[Event "Rowy Jantar op-C 11th"]
[Site "Rowy"]
[Date "2002.06.12"]
[Round "5"]
[White "Witek, Tomasz"]
[Black "Shukhadolets, Ilia"]
[Result "0-1"]
[WhiteElo "1600"]
[BlackElo "1800"]
[PlyCount "46"]
[EventDate "2002.06.??"]
[EventType "swiss"]
[EventRounds "8"]
[EventCountry "POL"]
[SourceTitle "EXT 2006"]
[Source "ChessBase"]
[SourceDate "2005.11.24"]
[SourceVersion "1"]
[SourceVersionDate "2005.11.24"]
[SourceQuality "1"]

1. e4 e5 2. Bc4 Nf6 3. d3 h6 4. Nc3 Bc5 5. Nf3 d6 6. h3 Nc6 7. Nd5 Be6 8. Nxf6+ Qxf6 9. Bxe6 fxe6 10. c3 0-0-0 11. b4 Bb6 12. a4 a5 13. b5 Ne7 14. Qe2 d5 15. Be3 d4 16. Bd2 Ng6 17. 0-0 Nf4 18. Bxf4 Qxf4 19. c4 g5 20. Nh2 h5 21. f3 Qe3+ 22. Qxe3 dxe3 23. Rfe1 Rxd3 0-1